[Event "10. Torneo I. Cidade de Pontevedra 2022"]
[Site "Pontevedra ESP"]
[Date "2022.07.25"]
[Round "2.30"]
[White "Vidal Del Rio, Diego"]
[Black "Victor, Julian"]
[Result "1-0"]
[WhiteElo "2041"]
[BlackElo "1944"]
[PlyCount "223"]
[EventDate "2022.07.24"]
[EventType "swiss"]
[EventRounds "9"]
[EventCountry "ESP"]
[SourceTitle "Ajedrez en Madrid"]
[Source "lmi"]
[SourceDate "2022.07.24"]
[SourceVersion "1"]
[SourceVersionDate "2022.08.06"]
[SourceQuality "1"]

1. e4 e5 2. Nf3 Nf6 3. Nxe5 d6 4. Nf3 Nxe4 5. d4 d5 6. Be2 Bd6 7. Nc3 Nxc3 8.
bxc3 O-O 9. O-O c6 10. c4 Be6 11. Rb1 Qd7 12. c5 Be7 13. Ne5 Qc8 14. Bf4 Nd7
15. c3 Rd8 16. Qb3 Nxe5 17. Bxe5 Rd7 18. Bd3 Qd8 19. Qc2 h6 20. f4 f6 21. f5
Bf7 22. Bf4 b6 23. cxb6 axb6 24. Qd2 Bd6 25. Rb2 Bxf4 26. Qxf4 b5 27. g4 Qc7
28. Qc1 Re7 29. Rg2 Rae8 30. Rg3 Qa7 31. Qd2 b4 32. h4 bxc3 33. Qxc3 Qxa2 34.
g5 Re3 35. Rg2 Qa6 36. Bxa6 Rxc3 37. g6 Re4 38. gxf7+ Kxf7 39. Rb1 Rce3 40. Bc8
Re1+ 41. Rxe1 Rxe1+ 42. Kf2 Re4 43. Be6+ Kf8 44. Kg3 g6 45. Rc2 gxf5 46. Bxf5
Rxd4 47. Rxc6 Kg7 48. Rc7+ Kg8 49. Rh7 Ra4 50. Rxh6 Ra3+ 51. Kg4 Ra4+ 52. Kh5
Rf4 53. Kg6 d4 54. Kxf6 d3 55. Ke5 Rc4 56. Kf6 Rf4 57. Rg6+ Kh8 58. h5 d2 59.
Rg1 Rd4 60. Bc2 Rc4 61. Bd1 Rd4 62. Rg2 Rd3 63. Ke5 Rd8 64. Ke4 Rd6 65. Ke3 Rd8
66. Ke2 Rd6 67. Bc2 Rd5 68. Rh2 Kg7 69. h6+ Kh8 70. Rh1 Rd6 71. h7 Rd7 72. Rg1
d1=Q+ 73. Bxd1 Rxh7 74. Bc2 Rh3 75. Bd3 Rg3 76. Ra1 Kg7 77. Ra6 Rh3 78. Be4 Rg3
79. Kf2 Rb3 80. Bf3 Rc3 81. Kg3 Rc4 82. Bg4 Rb4 83. Kh4 Rb5 84. Be2 Rd5 85. Kg4
Kh7 86. Bf3 Rb5 87. Be4+ Kg7 88. Bf5 Rb7 89. Kg5 Rc7 90. Rh6 Kg8 91. Be6+ Kg7
92. Rg6+ Kh7 93. Kf6 Ra7 94. Rg1 Kh8 95. Bf7 Ra6+ 96. Ke7 Ra7+ 97. Kf8 Ra8+ 98.
Be8 Ra7 99. Rg3 Kh7 100. Rg5 Kh8 101. Bf7 Ra8+ 102. Ke7 Ra7+ 103. Kf6 Ra6+ 104.
Be6 Ra7 105. Rh5+ Rh7 106. Ra5 Rh6+ 107. Kf7 Rh7+ 108. Kf8 Rh2 109. Rg5 Kh7
110. Bd7 Rh1 111. Rg7+ Kh8 112. Rg8+ 1-0

[Event "10. Torneo I. Cidade de Pontevedra 2022"]
[Site "Pontevedra ESP"]
[Date "2022.07.25"]
[Round "2.32"]
[White "Blanco Garcia, Liliam Barbara"]
[Black "Sarabando, Rodrigo Andias"]
[Result "1-0"]
[WhiteElo "2031"]
[BlackElo "1915"]
[PlyCount "75"]
[EventDate "2022.07.24"]
[EventType "swiss"]
[EventRounds "9"]
[EventCountry "ESP"]
[SourceTitle "Ajedrez en Madrid"]
[Source "lmi"]
[SourceDate "2022.07.24"]
[SourceVersion "1"]
[SourceVersionDate "2022.08.06"]
[SourceQuality "1"]

1. e4 c5 2. c3 Nf6 3. e5 Nd5 4. Nf3 Nc6 5. Bc4 Nb6 6. Bb3 g6 7. d4 cxd4 8. Ng5
Nxe5 9. Qxd4 Bg7 10. Bxf7+ Kf8 11. Ne6+ Kxf7 12. Nxd8+ Rxd8 13. Qd1 d5 14. O-O
Bg4 15. f3 Bf5 16. Bf4 d4 17. Bxe5 Bxe5 18. Qe2 Bf6 19. Rd1 d3 20. Qf2 Nd5 21.
g3 Bg5 22. f4 Bf6 23. Nd2 b5 24. Nf3 Nxc3 25. bxc3 Bxc3 26. Rac1 b4 27. g4 Bxg4
28. Ne5+ Bxe5 29. fxe5+ Kg7 30. Rd2 Rf8 31. Qh4 Be2 32. Rc7 Rf1+ 33. Kg2 g5 34.
Rxe7+ Rf7 35. Qxg5+ Kh8 36. Rxf7 Rg8 37. Qxg8+ Kxg8 38. Rxa7 1-0

[Event "10. Torneo I. Cidade de Pontevedra 2022"]
[Site "Pontevedra ESP"]
[Date "2022.07.25"]
[Round "2.33"]
[White "Vela Ignacio, Jose Manuel"]
[Black "Gomez Carreno, Martin"]
[Result "0-1"]
[WhiteElo "2026"]
[BlackElo "2155"]
[PlyCount "56"]
[EventDate "2022.07.24"]
[EventType "swiss"]
[EventRounds "9"]
[EventCountry "ESP"]
[SourceTitle "Ajedrez en Madrid"]
[Source "lmi"]
[SourceDate "2022.07.24"]
[SourceVersion "1"]
[SourceVersionDate "2022.08.06"]
[SourceQuality "1"]

1. d4 Nf6 2. c4 e6 3. Nc3 Bb4 4. a3 Bxc3+ 5. bxc3 b6 6. e3 Bb7 7. Nf3 O-O 8.
Bd3 Ne4 9. O-O f5 10. Qc2 Rf6 11. Nd2 Rh6 12. Bxe4 fxe4 13. Rd1 Qh4 14. Nf1 Nc6
15. h3 Ne7 16. d5 Rg6 17. Ng3 exd5 18. cxd5 Bxd5 19. Nf5 Nxf5 20. Rxd5 Nd6 21.
Kh2 Rf8 22. Ra2 c6 23. Rd1 Qg5 24. Rg1 Qe5+ 25. Kh1 Qe6 26. a4 Rf3 27. Kh2 Rh6
28. Rh1 Rfxh3+ 0-1

[Event "10. Torneo I. Cidade de Pontevedra 2022"]
[Site "Pontevedra ESP"]
[Date "2022.07.25"]
[Round "3.1"]
[White "Martinez Reyes, Pedro Ramon"]
[Black "Grigoryan, Karen H."]
[Result "0-1"]
[WhiteElo "2408"]
[BlackElo "2643"]
[PlyCount "112"]
[EventDate "2022.07.24"]
[EventType "swiss"]
[EventRounds "9"]
[EventCountry "ESP"]
[SourceTitle "Ajedrez en Madrid"]
[Source "lmi"]
[SourceDate "2022.07.24"]
[SourceVersion "1"]
[SourceVersionDate "2022.08.06"]
[SourceQuality "1"]

1. e4 c5 2. c3 Nf6 3. e5 Nd5 4. Bc4 Nb6 5. Bb3 c4 6. Bc2 Nc6 7. Nf3 Qc7 8. O-O
Nxe5 9. Nxe5 Qxe5 10. Re1 Qc7 11. a4 e6 12. Qf3 Be7 13. Na3 O-O 14. d3 Qc6 15.
Qh3 f5 16. Nb5 cxd3 17. Qxd3 Bf6 18. Bb3 d5 19. Bf4 Bd7 20. Nd4 Bxd4 21. Qxd4
Nc4 22. Bxc4 Qxc4 23. Qxc4 dxc4 24. a5 Rfe8 25. Rad1 Bc6 26. Rd6 Bd5 27. a6 b6
28. Rd7 Rf8 29. f3 Rf7 30. Rd6 h6 31. h4 Rc8 32. Kf2 Kh7 33. Be3 Kg6 34. Bd4
Kh5 35. g3 Rb8 36. Be5 Rc8 37. Bd4 Rcc7 38. Rh1 Rcd7 39. Rxd7 Rxd7 40. Re1 Kg6
41. Ke3 Kf7 42. g4 fxg4 43. fxg4 Bc6 44. Rf1+ Kg8 45. Ke2 e5 46. Be3 Bb5 47.
Ra1 Rd6 48. g5 h5 49. Rf1 Bd7 50. Ra1 Kf7 51. Rf1+ Kg6 52. Rf8 Bb5 53. Kf3 Rd5
54. Ke2 Rd7 55. Kf3 Bxa6 56. Ke4 Bb7+ 0-1

[Event "10. Torneo I. Cidade de Pontevedra 2022"]
[Site "Pontevedra ESP"]
[Date "2022.07.25"]
[Round "3.2"]
[White "Bernal Moro, Luis Javier"]
[Black "Galperin, Platon"]
[Result "1/2-1/2"]
[WhiteElo "2404"]
[BlackElo "2518"]
[PlyCount "56"]
[EventDate "2022.07.24"]
[EventType "swiss"]
[EventRounds "9"]
[EventCountry "ESP"]
[SourceTitle "Ajedrez en Madrid"]
[Source "lmi"]
[SourceDate "2022.07.24"]
[SourceVersion "1"]
[SourceVersionDate "2022.08.06"]
[SourceQuality "1"]

1. Nf3 d5 2. g3 Nf6 3. Bg2 e6 4. c4 dxc4 5. Qa4+ Nbd7 6. Qxc4 c5 7. d4 a6 8.
Qc2 cxd4 9. Nxd4 Nc5 10. Nb3 Nd5 11. Nxc5 Qa5+ 12. Bd2 Qxc5 13. Qxc5 Bxc5 14.
Nc3 Nxc3 15. Bxc3 f6 16. Rc1 Be7 17. O-O Bd8 18. Rfd1 Rf8 19. Rd2 Rf7 20. Rdc2
Rc7 21. Be4 g6 22. Bd4 Rxc2 23. Rxc2 a5 24. f4 a4 25. a3 Kd7 26. Rd2 Ke8 27.
Rc2 Kd7 28. Rd2 Ke8 1/2-1/2

[Event "10. Torneo I. Cidade de Pontevedra 2022"]
[Site "Pontevedra ESP"]
[Date "2022.07.25"]
[Round "3.3"]
[White "Grieve, Harry"]
[Black "Manolache, Marius"]
[Result "1-0"]
[WhiteElo "2390"]
[BlackElo "2469"]
[PlyCount "113"]
[EventDate "2022.07.24"]
[EventType "swiss"]
[EventRounds "9"]
[EventCountry "ESP"]
[SourceTitle "Ajedrez en Madrid"]
[Source "lmi"]
[SourceDate "2022.07.24"]
[SourceVersion "1"]
[SourceVersionDate "2022.08.06"]
[SourceQuality "1"]

1. e4 d6 2. d4 Nf6 3. Nc3 g6 4. Bg5 h6 5. Bh4 c6 6. Qd2 Bg7 7. O-O-O b5 8. Bd3
Nbd7 9. f4 b4 10. Nce2 Qa5 11. Kb1 Qb6 12. e5 Nd5 13. Nf3 Bb7 14. Rhe1 dxe5 15.
fxe5 g5 16. e6 fxe6 17. Bg6+ Kd8 18. Bg3 Ba6 19. Ka1 Rf8 20. Nc1 Rf6 21. Bh5
Bc4 22. Ne5 Nxe5 23. Bxe5 Nf4 24. Bxf6 exf6 25. Bf3 Kd7 26. Nb3 Bxb3 27. cxb3
Re8 28. Qc2 Nd5 29. Bxd5 cxd5 30. Qg6 Re7 31. g4 Qb8 32. Rc1 Qe8 33. Qd3 Qb8
34. Qa6 Qb6 35. Qc8+ Kd6 36. Rc5 Rd7 37. Rec1 Qd8 38. Qxd8 Rxd8 39. Rc7 Rd7 40.
R1c6+ Ke7 41. Rxd7+ Kxd7 42. Ra6 Ke7 43. Rxa7+ Kf8 44. Rd7 f5 45. gxf5 exf5 46.
Rxd5 f4 47. Kb1 Ke7 48. Kc2 Ke6 49. Rb5 Bxd4 50. Kd3 Be5 51. Ke4 Bd6 52. h3 Kf6
53. Ra5 h5 54. a4 bxa3 55. bxa3 g4 56. hxg4 hxg4 57. Ra6 1-0

[Event "10. Torneo I. Cidade de Pontevedra 2022"]
[Site "Pontevedra ESP"]
[Date "2022.07.25"]
[Round "3.4"]
[White "Villar Perez, Samuel"]
[Black "Shyaamnikhil, P.."]
[Result "0-1"]
[WhiteElo "2188"]
[BlackElo "2443"]
[PlyCount "110"]
[EventDate "2022.07.24"]
[EventType "swiss"]
[EventRounds "9"]
[EventCountry "ESP"]
[SourceTitle "Ajedrez en Madrid"]
[Source "lmi"]
[SourceDate "2022.07.24"]
[SourceVersion "1"]
[SourceVersionDate "2022.08.06"]
[SourceQuality "1"]

1. e4 c5 2. Nf3 e6 3. g3 d5 4. exd5 exd5 5. d4 Nc6 6. Bg2 Nf6 7. O-O Be7 8.
dxc5 Bxc5 9. Re1+ Be6 10. Nbd2 Qb6 11. Re2 Ng4 12. Qf1 O-O 13. Nb3 d4 14. Rxe6
fxe6 15. Qc4 Rxf3 16. Bxf3 Nce5 17. Qe2 d3 18. cxd3 Bxf2+ 19. Kg2 Nxf3 20. Qxf3
h5 21. h3 Rf8 22. Bf4 Ne3+ 23. Kh1 Nf5 24. g4 Ng3+ 25. Kg2 Ne2 26. Qxe2 Rxf4
27. Rf1 Qc6+ 28. Kh2 Qd6 29. Kh1 Qd5+ 30. Kh2 Be3 31. Rxf4 Bxf4+ 32. Kg1 hxg4
33. hxg4 a5 34. Qe4 Qxe4 35. dxe4 b6 36. Kf1 Be5 37. Ke2 Bxb2 38. a4 Kf7 39.
Kd3 Kf6 40. Nd2 Kg5 41. Nc4 Bf6 42. Nxb6 Kxg4 43. Nc4 Bd8 44. Ne5+ Kf4 45. Ng6+
Kg5 46. Ne5 Bc7 47. Nf3+ Kf6 48. Kd4 g5 49. Ke3 Bb6+ 50. Ke2 g4 51. Nd2 Kg5 52.
Nc4 Bc7 53. Ke3 Kh4 54. Kf2 Kh3 55. Kg1 Bf4 0-1

[Event "10. Torneo I. Cidade de Pontevedra 2022"]
[Site "Pontevedra ESP"]
[Date "2022.07.25"]
[Round "3.6"]
[White "Tadevosyan, Aspet"]
[Black "Gonzalez Perez, Arian"]
[Result "1-0"]
[WhiteElo "2177"]
[BlackElo "2418"]
[PlyCount "81"]
[EventDate "2022.07.24"]
[EventType "swiss"]
[EventRounds "9"]
[EventCountry "ESP"]
[SourceTitle "Ajedrez en Madrid"]
[Source "lmi"]
[SourceDate "2022.07.24"]
[SourceVersion "1"]
[SourceVersionDate "2022.08.06"]
[SourceQuality "1"]

1. d4 Nf6 2. c4 c5 3. d5 b5 4. cxb5 a6 5. bxa6 g6 6. Nc3 Bxa6 7. e4 Bxf1 8.
Kxf1 d6 9. g3 Bg7 10. Nf3 O-O 11. Kg2 Nbd7 12. a4 Ra6 13. Qe2 Qa8 14. Ra3 Rc8
15. b3 Nb6 16. Qc2 Ne8 17. Bb2 Nc7 18. Rha1 Ra5 19. Nb5 Nxb5 20. axb5 Rxa3 21.
Rxa3 Qb7 22. Bxg7 Kxg7 23. Qc3+ Kg8 24. Qa1 Nd7 25. Ra5 Rb8 26. b4 Qb6 27. Ra7
Qxb5 28. bxc5 Nxc5 29. Rxe7 Qb2 30. Qa7 Rf8 31. e5 Qb3 32. exd6 Nd3 33. Qd4 Qc2
34. d7 Qc5 35. Re8 Ne1+ 36. Nxe1 Qxd4 37. Rxf8+ Kxf8 38. d8=Q+ Kg7 39. Nf3 Qe4
40. d6 h5 41. Qe7 1-0

[Event "10. Torneo I. Cidade de Pontevedra 2022"]
[Site "Pontevedra ESP"]
[Date "2022.07.25"]
[Round "3.7"]
[White "Mendonca, Leon Luke"]
[Black "Rey Malde, Henrique"]
[Result "1-0"]
[WhiteElo "2567"]
[BlackElo "2297"]
[PlyCount "65"]
[EventDate "2022.07.24"]
[EventType "swiss"]
[EventRounds "9"]
[EventCountry "ESP"]
[SourceTitle "Ajedrez en Madrid"]
[Source "lmi"]
[SourceDate "2022.07.24"]
[SourceVersion "1"]
[SourceVersionDate "2022.08.06"]
[SourceQuality "1"]

1. d4 Nf6 2. c4 g6 3. Nc3 Bg7 4. e4 d6 5. Nf3 O-O 6. Be2 e5 7. O-O Nc6 8. d5
Ne7 9. Ne1 Nd7 10. Nd3 f5 11. f3 f4 12. b4 g5 13. c5 Nf6 14. a4 Rf7 15. a5 h5
16. b5 g4 17. c6 b6 18. axb6 cxb6 19. fxg4 hxg4 20. Nf2 g3 21. hxg3 Ng6 22.
gxf4 exf4 23. e5 Nxe5 24. Bxf4 Nh7 25. Nfe4 Bf5 26. Bh5 Rf8 27. Qe2 Ng6 28.
Bxg6 Bxg6 29. Qg4 Bf5 30. Qg3 Kh8 31. Rad1 Rg8 32. Nxd6 Qf8 33. Be5 1-0

[Event "10. Torneo I. Cidade de Pontevedra 2022"]
[Site "Pontevedra ESP"]
[Date "2022.07.25"]
[Round "3.8"]
[White "Pulvett Marin, Daniel Eduardo"]
[Black "Fernandez Lopez, Ruben"]
[Result "1/2-1/2"]
[WhiteElo "2523"]
[BlackElo "2324"]
[PlyCount "100"]
[EventDate "2022.07.24"]
[EventType "swiss"]
[EventRounds "9"]
[EventCountry "ESP"]
[SourceTitle "Ajedrez en Madrid"]
[Source "lmi"]
[SourceDate "2022.07.24"]
[SourceVersion "1"]
[SourceVersionDate "2022.08.06"]
[SourceQuality "1"]

1. d4 d5 2. c4 e6 3. Nf3 c6 4. Bg5 Nf6 5. e3 Be7 6. Nc3 Nbd7 7. Bd3 dxc4 8.
Bxc4 b5 9. Bd3 Bb7 10. a3 a6 11. b4 a5 12. Rb1 axb4 13. axb4 Ra3 14. Qc2 Bxb4
15. Rxb4 Qa5 16. Rb3 Ra1+ 17. Rb1 Rxb1+ 18. Qxb1 Qxc3+ 19. Ke2 h6 20. Bxf6 Nxf6
21. Rc1 Qa5 22. Ne5 O-O 23. Qc2 Nd5 24. Bh7+ Kh8 25. Qc5 Ra8 26. Be4 b4 27.
Qxa5 Rxa5 28. Nxf7+ Kg8 29. Nd8 Ba6+ 30. Ke1 Ra2 31. Bxd5 cxd5 32. Rb1 Re2+ 33.
Kd1 Rxf2 34. Rxb4 Rxg2 35. Nxe6 Rxh2 36. Nf4 Bc4 37. e4 Rh4 38. exd5 Rxf4 39.
Rxc4 Kf7 40. Ke2 h5 41. Ke3 Rg4 42. Rc7+ Kf6 43. d6 Ke6 44. d7 Ke7 45. Rc5 h4
46. Rd5 Kd8 47. Kf3 Rg6 48. Rh5 Rg3+ 49. Ke4 Rg4+ 50. Kf5 g6+ 1/2-1/2

[Event "10. Torneo I. Cidade de Pontevedra 2022"]
[Site "Pontevedra ESP"]
[Date "2022.07.25"]
[Round "3.9"]
[White "Mirzoev, Emil"]
[Black "Contin, Daniel"]
[Result "0-1"]
[WhiteElo "2493"]
[BlackElo "2206"]
[PlyCount "40"]
[EventDate "2022.07.24"]
[EventType "swiss"]
[EventRounds "9"]
[EventCountry "ESP"]
[SourceTitle "Ajedrez en Madrid"]
[Source "lmi"]
[SourceDate "2022.07.24"]
[SourceVersion "1"]
[SourceVersionDate "2022.08.06"]
[SourceQuality "1"]

1. d4 Nf6 2. c4 e6 3. g3 c5 4. Nf3 cxd4 5. Nxd4 d5 6. Bg2 e5 7. Nf3 d4 8. O-O
Nc6 9. e3 Be7 10. exd4 exd4 11. Bf4 Bg4 12. Qb3 Qb6 13. Ne5 Nxe5 14. Bxe5 O-O-O
15. Nd2 Rhe8 16. Rfe1 Qxb3 17. axb3 Bb4 18. Bf4 Rxe1+ 19. Rxe1 Nh5 20. Bg5 f6
0-1

[Event "10. Torneo I. Cidade de Pontevedra 2022"]
[Site "Pontevedra ESP"]
[Date "2022.07.25"]
[Round "3.10"]
[White "Krutti, Valer"]
[Black "Garrido Outon, Alex"]
[Result "1/2-1/2"]
[WhiteElo "2292"]
[BlackElo "2436"]
[PlyCount "142"]
[EventDate "2022.07.24"]
[EventType "swiss"]
[EventRounds "9"]
[EventCountry "ESP"]
[SourceTitle "Ajedrez en Madrid"]
[Source "lmi"]
[SourceDate "2022.07.24"]
[SourceVersion "1"]
[SourceVersionDate "2022.08.06"]
[SourceQuality "1"]

1. d4 Nf6 2. c4 g6 3. Nc3 Bg7 4. e4 d6 5. Be2 O-O 6. Bg5 c5 7. dxc5 Qa5 8. Bd2
Qxc5 9. Nf3 Bg4 10. Be3 Qa5 11. Nd2 Bxe2 12. Qxe2 Nc6 13. O-O Rfc8 14. Rfc1 Ne5
15. h3 a6 16. a3 Rab8 17. Ba7 Ra8 18. Be3 Qd8 19. Rab1 Nfd7 20. b4 Nb6 21. Nd5
Na4 22. Bd4 e6 23. Ne3 Nc6 24. Bxg7 Kxg7 25. Nf3 Ne5 26. Nxe5 dxe5 27. Qc2 b5
28. c5 Qc7 29. Nc4 Rd8 30. Nd6 Rd7 31. Rd1 Rad8 32. Rbc1 Qb8 33. Rd2 Rxd6 34.
cxd6 Rxd6 35. Rxd6 Qxd6 36. Rd1 Qe7 37. Rd3 Qb7 38. Rd6 Qe7 39. Rxa6 Qd7 40.
Rxa4 bxa4 41. Qc5 Qd1+ 42. Kh2 Qd4 43. Qxd4 exd4 44. Kg3 Kf6 45. f4 e5 46. h4
Ke6 47. fxe5 Kxe5 48. Kf3 f6 49. g3 g5 50. hxg5 fxg5 51. g4 h5 52. gxh5 g4+ 53.
Kxg4 Kxe4 54. h6 d3 55. h7 d2 56. h8=Q d1=Q+ 57. Kg5 Qc1+ 58. Kg6 Qxa3 59. Qb8
Qb3 60. b5 a3 61. b6 a2 62. Qa8+ Kf4 63. b7 Qe6+ 64. Kg7 Qe5+ 65. Kf7 Qh5+ 66.
Kg7 Qg4+ 67. Kf7 Qd7+ 68. Kg8 Qd5+ 69. Kf8 Qc5+ 70. Kf7 Qh5+ 71. Kg7 Qe5+
1/2-1/2

[Event "10. Torneo I. Cidade de Pontevedra 2022"]
[Site "Pontevedra ESP"]
[Date "2022.07.25"]
[Round "3.11"]
[White "Ruck, Robert"]
[Black "Ereza Vizcarra, Fernando"]
[Result "1-0"]
[WhiteElo "2544"]
[BlackElo "2131"]
[PlyCount "51"]
[EventDate "2022.07.24"]
[EventType "swiss"]
[EventRounds "9"]
[EventCountry "ESP"]
[SourceTitle "Ajedrez en Madrid"]
[Source "lmi"]
[SourceDate "2022.07.24"]
[SourceVersion "1"]
[SourceVersionDate "2022.08.06"]
[SourceQuality "1"]

1. Nf3 d5 2. d4 Nf6 3. c4 c6 4. Nc3 dxc4 5. a4 e6 6. e3 c5 7. Bxc4 Nc6 8. O-O
Be7 9. Qe2 cxd4 10. Rd1 O-O 11. Nxd4 Nxd4 12. exd4 Nd5 13. Qf3 Nxc3 14. bxc3
Qc7 15. Bd3 Bd6 16. c4 Bd7 17. c5 Be7 18. Bf4 Qc8 19. Be5 f6 20. Qh5 f5 21. Bc4
Bc6 22. Ra3 Be8 23. Qe2 Bf7 24. Rg3 g6 25. Qh5 Re8 26. Qxh7+ 1-0

[Event "10. Torneo I. Cidade de Pontevedra 2022"]
[Site "Pontevedra ESP"]
[Date "2022.07.25"]
[Round "3.12"]
[White "Vignesh, N R.."]
[Black "Patino Romaris, Juan Roberto"]
[Result "1-0"]
[WhiteElo "2427"]
[BlackElo "2093"]
[PlyCount "67"]
[EventDate "2022.07.24"]
[EventType "swiss"]
[EventRounds "9"]
[EventCountry "ESP"]
[SourceTitle "Ajedrez en Madrid"]
[Source "lmi"]
[SourceDate "2022.07.24"]
[SourceVersion "1"]
[SourceVersionDate "2022.08.06"]
[SourceQuality "1"]

1. d4 Nf6 2. c4 e6 3. Nf3 a6 4. g3 b5 5. Nbd2 Bb7 6. Bg2 c5 7. dxc5 Bxc5 8. O-O
O-O 9. Nb3 Be7 10. cxb5 axb5 11. Be3 Na6 12. Rc1 Rc8 13. Qd3 Nb4 14. Rxc8 Qxc8
15. Qxb5 Ba6 16. Qa5 Bxe2 17. Rc1 Qa6 18. a3 Nbd5 19. Qxa6 Bxa6 20. Bd4 Rc8 21.
Rxc8+ Bxc8 22. Ne5 Bf8 23. f4 d6 24. Nc6 Ne7 25. Nba5 Nxc6 26. Bxc6 Nd7 27. b4
e5 28. Bf2 exf4 29. gxf4 Be7 30. b5 Nb8 31. Bd5 Be6 32. Nc6 Nxc6 33. Bxc6 d5
34. a4 1-0

[Event "10. Torneo I. Cidade de Pontevedra 2022"]
[Site "Pontevedra ESP"]
[Date "2022.07.25"]
[Round "3.13"]
[White "Lu, Maximillian"]
[Black "Otero Nogueira, Brais"]
[Result "1-0"]
[WhiteElo "2398"]
[BlackElo "2076"]
[PlyCount "103"]
[EventDate "2022.07.24"]
[EventType "swiss"]
[EventRounds "9"]
[EventCountry "ESP"]
[SourceTitle "Ajedrez en Madrid"]
[Source "lmi"]
[SourceDate "2022.07.24"]
[SourceVersion "1"]
[SourceVersionDate "2022.08.06"]
[SourceQuality "1"]

1. b3 d5 2. Bb2 Nf6 3. Nf3 Bf5 4. g3 e6 5. Bg2 h6 6. O-O Be7 7. d3 O-O 8. c4 c6
9. Nc3 Nbd7 10. cxd5 exd5 11. Nd4 Bh7 12. Nc2 a5 13. a3 Re8 14. b4 axb4 15.
axb4 Qb6 16. Rb1 Bd6 17. b5 Qc7 18. Qd2 Nc5 19. Ba1 Qd7 20. Rfc1 Bg6 21. Nd4
Be5 22. bxc6 bxc6 23. Nf3 Bd6 24. Qc2 Ng4 25. Nd1 Qe7 26. Bd4 Na6 27. h3 Nb4
28. Rxb4 Bxb4 29. hxg4 c5 30. Bb2 Qxe2 31. Qxe2 Rxe2 32. Bf1 Ree8 33. Ne3 d4
34. Nd5 Ra2 35. Bxd4 Ba3 36. Ra1 Rxa1 37. Bxa1 h5 38. Ne5 Kh7 39. Nf4 hxg4 40.
Nfxg6 fxg6 41. Nxg4 Bb4 42. Be5 g5 43. Bg2 Kg6 44. Be4+ Kf7 45. Kg2 Ke6 46.
Bxg7 Bd2 47. Kf3 Re7 48. Bf6 Rf7 49. Ke2 Bc1 50. Kd1 Ba3 51. Bxg5 Rg7 52. f4
1-0

[Event "10. Torneo I. Cidade de Pontevedra 2022"]
[Site "Pontevedra ESP"]
[Date "2022.07.25"]
[Round "3.14"]
[White "Sixto Puente, Eloy"]
[Black "Medarde Santiago, Luis Marcos"]
[Result "0-1"]
[WhiteElo "2071"]
[BlackElo "2330"]
[PlyCount "98"]
[EventDate "2022.07.24"]
[EventType "swiss"]
[EventRounds "9"]
[EventCountry "ESP"]
[SourceTitle "Ajedrez en Madrid"]
[Source "lmi"]
[SourceDate "2022.07.24"]
[SourceVersion "1"]
[SourceVersionDate "2022.08.06"]
[SourceQuality "1"]

1. e4 c5 2. Nf3 d6 3. d4 cxd4 4. Nxd4 Nf6 5. Nc3 a6 6. Bg5 Nbd7 7. Qe2 e6 8.
O-O-O Qc7 9. f4 b5 10. g4 Bb7 11. Bg2 Qc4 12. Qxc4 bxc4 13. h3 Be7 14. Bf3 h6
15. Bh4 g5 16. e5 Bxf3 17. Nxf3 gxh4 18. exf6 Nxf6 19. Nxh4 d5 20. Nf3 Bb4 21.
Ne2 Ne4 22. Rh2 Ke7 23. c3 Bd6 24. Ne5 h5 25. Rg2 Rag8 26. Nd4 f6 27. Nec6+ Kd7
28. Rf1 e5 29. fxe5 fxe5 30. Rf7+ Ke8 31. Ra7 exd4 32. Nxd4 hxg4 33. hxg4 Bf4+
34. Kc2 Rh1 35. Ne2 Be3 36. Rxa6 Kd7 37. b3 Rgh8 38. bxc4 dxc4 39. Ra4 R8h2 40.
Rxh2 Rxh2 41. Rxc4 Rxe2+ 42. Kd3 Ng3 43. g5 Bxg5 44. Rg4 Re3+ 45. Kd4 Ne2+ 46.
Kc4 Rxc3+ 47. Kb4 Be7+ 48. Kb5 Ra3 49. Ra4 Nc3+ 0-1

[Event "10. Torneo I. Cidade de Pontevedra 2022"]
[Site "Pontevedra ESP"]
[Date "2022.07.25"]
[Round "3.15"]
[White "Mosca, Leonildo"]
[Black "Cabezas Ayala, Ivan"]
[Result "0-1"]
[WhiteElo "2050"]
[BlackElo "2296"]
[PlyCount "92"]
[EventDate "2022.07.24"]
[EventType "swiss"]
[EventRounds "9"]
[EventCountry "ESP"]
[SourceTitle "Ajedrez en Madrid"]
[Source "lmi"]
[SourceDate "2022.07.24"]
[SourceVersion "1"]
[SourceVersionDate "2022.08.06"]
[SourceQuality "1"]

1. e4 e5 2. Nf3 Nc6 3. Bb5 Nf6 4. O-O Nxe4 5. Re1 Nd6 6. Nxe5 Be7 7. Bf1 Nxe5
8. Rxe5 O-O 9. d4 Bf6 10. Re1 Nf5 11. c3 d5 12. Bf4 Nh4 13. Nd2 a5 14. Nf3 Ng6
15. Bg3 Bf5 16. Ne5 Bxe5 17. dxe5 c6 18. Qd4 Qd7 19. Rad1 Rad8 20. h4 Ne7 21.
h5 Bg4 22. Be2 Bxe2 23. Rxe2 Nf5 24. Qf4 Qe6 25. f3 Nxg3 26. Qxg3 Rfe8 27. f4
c5 28. Qf3 d4 29. f5 Qh6 30. cxd4 cxd4 31. e6 fxe6 32. fxe6 Re7 33. Qb3 Qxh5
34. Re4 a4 35. Qxa4 d3 36. Rd2 Qc5+ 37. Kh2 h6 38. Qb3 Rd5 39. Rxd3 Qb6 40. Rg3
Kh8 41. Qf3 Kh7 42. Qg4 Rg5 43. Qf3 Rd5 44. Re1 Rxe6 45. Qf7 Rg5 46. Qf2 Rxg3
0-1

[Event "10. Torneo I. Cidade de Pontevedra 2022"]
[Site "Pontevedra ESP"]
[Date "2022.07.25"]
[Round "3.16"]
[White "Martinez Montes, Juan Manuel"]
[Black "Aguilera Lopez, Alejandro"]
[Result "0-1"]
[WhiteElo "2035"]
[BlackElo "2219"]
[PlyCount "56"]
[EventDate "2022.07.24"]
[EventType "swiss"]
[EventRounds "9"]
[EventCountry "ESP"]
[SourceTitle "Ajedrez en Madrid"]
[Source "lmi"]
[SourceDate "2022.07.24"]
[SourceVersion "1"]
[SourceVersionDate "2022.08.06"]
[SourceQuality "1"]

1. e4 c5 2. Nf3 e6 3. d4 cxd4 4. Nxd4 Nf6 5. Nc3 Nc6 6. Ndb5 d6 7. Bf4 e5 8.
Bg5 a6 9. Na3 b5 10. Nd5 Be7 11. Bxf6 Bxf6 12. Nb1 Bg5 13. a4 b4 14. Nd2 O-O
15. Nc4 Be6 16. c3 bxc3 17. bxc3 Ne7 18. h4 Bh6 19. Ncb6 Nxd5 20. Nxd5 Qa5 21.
Nb4 Rfc8 22. Qf3 Rc5 23. Qd3 Bc4 24. Qf3 Rac8 25. Bxc4 Rxc4 26. Ra3 Rxb4 27.
O-O Rbc4 28. g4 Bf4 0-1

[Event "10. Torneo I. Cidade de Pontevedra 2022"]
[Site "Pontevedra ESP"]
[Date "2022.07.25"]
[Round "3.17"]
[White "Mahitosh, Dey"]
[Black "Pastor Alonso De Prado, Alberto"]
[Result "1/2-1/2"]
[WhiteElo "2212"]
[BlackElo "2050"]
[PlyCount "89"]
[EventDate "2022.07.24"]
[EventType "swiss"]
[EventRounds "9"]
[EventCountry "ESP"]
[SourceTitle "Ajedrez en Madrid"]
[Source "lmi"]
[SourceDate "2022.07.24"]
[SourceVersion "1"]
[SourceVersionDate "2022.08.06"]
[SourceQuality "1"]

1. d4 d5 2. Nf3 Nf6 3. c3 e6 4. Bf4 Bd6 5. e3 O-O 6. Nbd2 b6 7. Bg3 Bb7 8. Bd3
c5 9. Qe2 Nc6 10. Ne5 Ne7 11. f4 Ne4 12. Ng4 Qc7 13. Nf2 Nxd2 14. Qxd2 f5 15.
O-O a5 16. Kh1 Ba6 17. Rg1 Kh8 18. Bxa6 Rxa6 19. Nd3 b5 20. Bh4 c4 21. Bxe7
Qxe7 22. Ne5 b4 23. g4 Bxe5 24. fxe5 bxc3 25. bxc3 Rb6 26. Rg2 Qb7 27. Rag1 Rb1
28. gxf5 Rxg1+ 29. Rxg1 Rxf5 30. Qc2 Qf7 31. Qe2 h5 32. Kg2 Kh7 33. h3 Kh6 34.
Qe1 a4 35. a3 Rg5+ 36. Kh2 Rxg1 37. Qxg1 g5 38. Qg2 Qf5 39. Kg3 Kg6 40. Qe2 Qe4
41. Kh2 Qf5 42. Kg3 Qb1 43. Qf2 Qf5 44. Qe2 Qb1 45. Qf2 1/2-1/2